000 00457nam a2200181Ia 4500
005 20240823011047.0
008 240823s9999||||xx |||||||||||||| ||und||
041 _aENGLISH
082 _A610.28 P0
100 _aVenkata Ram S K
245 0 _aBio-Medical Electronics and instrumentation
250 _a1st
260 _c2000
_b"Galgotia,New Delhi"
500 _aLOST
650 _aMedical Electronics
_bInstrumentation
942 _cBK
999 _c160438
_d160438